El Tratado de Tordesillas / (Record n. 29960)

Dettagli MARC
000 -LEADER
fixed length control field 00874nam a2200265 i 4500
003 - CONTROL NUMBER IDENTIFIER
control field IT-RoINE
005 - DATE AND TIME OF LATEST TRANSACTION
control field 20190430064815.0
008 - FIXED-LENGTH DATA ELEMENTS--GENERAL INFORMATION
fixed length control field 921102s1992 sp |r 001|||spa|d
020 ## - INTERNATIONAL STANDARD BOOK NUMBER
International Standard Book Number 847100383X
040 ## - CATALOGING SOURCE
Original cataloging agency SpMaBN
Transcribing agency SpMaBN IT-RoINE
Modifying agency IT-RoINE
100 1# - MAIN ENTRY--PERSONAL NAME
Personal name Rumeu de Armas, Antonio,
Dates associated with a name 1912-2006
9 (RLIN) 4276
245 13 - TITLE STATEMENT
Title El Tratado de Tordesillas /
Statement of responsibility, etc Antonio Rumeu de Armas.
260 ## - PUBLICATION, DISTRIBUTION, ETC. (IMPRINT)
Place of publication, distribution, etc Madrid :
Name of publisher, distributor, etc MAPFRE,
Date of publication, distribution, etc [1992]
300 ## - PHYSICAL DESCRIPTION
Extent 320 p. ;
Dimensions 23 cm.
336 ## - CONTENT TYPE
Source rdacontent
Content type term text
337 ## - MEDIA TYPE
Source rdamedia
Media type term unmediated
338 ## - CARRIER TYPE
Source rdacarrier
Carrier type term volume
490 1# - SERIES STATEMENT
Series statement Colección América 92 ;
Volume number/sequential designation 12
500 ## - GENERAL NOTE
General note Apéndice documental: p. [263]-308.
500 ## - GENERAL NOTE
General note Incluye índices.
504 ## - BIBLIOGRAPHY, ETC. NOTE
Bibliography, etc Incluye referencias bibliográficas en notas.
651 #4 - SUBJECT ADDED ENTRY--GEOGRAPHIC NAME
Geographic name América
General subdivision Descubrimiento y exploración
9 (RLIN) 5698
830 #0 - SERIES ADDED ENTRY--UNIFORM TITLE
9 (RLIN) 58636
Uniform title América 92 (MAPFRE)
Volume number/sequential designation 12
942 ## - ADDED ENTRY ELEMENTS (KOHA)
Item type Monografías
Dati di copia
Withdrawn status Lost status Damaged status Not for loan Home library Current library Shelving location Date acquired Total Checkouts Full call number Barcode Date last seen Price effective from Koha item type Public note
        Iglesia Nacional Española en Roma Iglesia Nacional Española en Roma Depósito 09/04/2019   COL.D 1.12 55874 09/04/2019 09/04/2019 Monografías Donación de la Fundación Mapfre América